000
00262nam a22001217a 4500
008
171127b xxu||||| |||| 00| 0 eng d
041
_a
eng
080
_a
612.39
100
_a
10
101
_a
NUT
245
_a
PASTA BEANS RICE
_c
SALADS.T
942
_2
udc
_c
BK
999
_c
38528
_d
38528